| 000 | 00472nam a2200145Ia 4500 | ||
|---|---|---|---|
| 008 | 191014s9999 xx 000 0 und d | ||
| 020 | _a978-9814324557 | ||
| 082 |
_a620.5 _bCAO |
||
| 100 |
_aGuozhong Cao _923934 |
||
| 245 |
_aNanostructures and Nanomaterials _bSynthesis, Properties and Applications |
||
| 260 |
_aUSA _bWorld Scientific Company _c2017 |
||
| 300 | _aXiii,581 p. | ||
| 440 |
_aNanostructures and Nanomaterials _9102520 |
||
| 942 |
_cBK _2ddc _k620.5 CAO 2017 |
||
| 999 |
_c531064 _d531064 |
||